[Event "Olympiad-31"]
[White "Van Tilbury, Craig"]
[Black "Yahya, H Al"]
[Site "Moscow"]
[Round "2.1"]
[Result "1-0"]
[Date "1994.12.02"]
[WhiteElo "2290"]
[BlackElo "2150"]
[PlyCount "63"]
[EventDate "1994.12.01"]
[EventType "team-swiss"]
[EventRounds "14"]
[EventCountry "RUS"]
[SourceTitle "CBM 045"]
[Source "ChessBase"]
[SourceDate "1995.04.01"]
[SourceVersion "1"]
[SourceVersionDate "1995.04.01"]
[SourceQuality "1"]
[WhiteTeam "British Virgin Islands"]
[BlackTeam "Jordan"]
[WhiteTeamCountry "IVB"]
[BlackTeamCountry "JOR"]

1. d4 Nf6 2. c4 g6 3. Nc3 Bg7 4. e4 d6 5. Be2 0-0 6. Bg5 Nbd7 7. Qc2 c5 8. d5 Ne5 9. h3 h6 10. Bd2 g5 11. g3 Ng6 12. f4 Nh7 13. Nf3 gxf4 14. gxf4 e5 15. f5 Nh4 16. 0-0-0 Nxf3 17. Bxf3 Nf6 18. Rdg1 Kh7 19. Rg3 Bd7 20. Rhg1 Rg8 21. Be3 a6 22. Qd2 b5 23. Nd1 Bf8 24. Rxg8 Nxg8 25. Qg2 Nf6 26. Nf2 bxc4 27. Ng4 Bg7 28. Nxh6 Qf8 29. Ng4 Nxg4 30. Qxg4 Bh6 31. Qh5 Be8 32. f6 1-0

[Event "Olympiad-31"]
[White "Yahya, H Al"]
[Black "Ljubojevic, Ljubomir"]
[Site "Moscow"]
[Round "1.1"]
[Result "0-1"]
[Date "1994.12.01"]
[WhiteElo "2150"]
[BlackElo "2580"]
[PlyCount "62"]
[EventDate "1994.12.01"]
[EventType "team-swiss"]
[EventRounds "14"]
[EventCountry "RUS"]
[SourceTitle "CBM 045"]
[Source "ChessBase"]
[SourceDate "1995.04.01"]
[SourceVersion "1"]
[SourceVersionDate "1995.04.01"]
[SourceQuality "1"]
[WhiteTeam "Jordan"]
[BlackTeam "Serbia & Montenegro"]
[WhiteTeamCountry "JOR"]
[BlackTeamCountry "YUG"]

1. e4 c5 2. Nf3 e6 3. d3 Nc6 4. g3 d5 5. Nbd2 g6 6. Bg2 Bg7 7. 0-0 Nge7 8. Re1 h6 9. c3 dxe4 10. dxe4 g5 11. Qe2 Qc7 12. h3 Ng6 13. Nf1 b6 14. Ne3 Bb7 15. Nc4 0-0 16. Ne3 Rad8 17. Ng4 Qd7 18. e5 Qd3 19. Qxd3 Rxd3 20. Nf6+ Kh8 21. h4 gxh4 22. gxh4 Na5 23. Be3 Bxf3 24. Bxf3 Nxe5 25. Be4 Bxf6 26. Bxh6 Rg8+ 27. Kf1 Rh3 28. Bg5 Bxg5 29. hxg5 Rh4 30. Bg2 Rxg5 31. Re3 Nac4 0-1